| 000 | 00603nam a2200217 a 4500 | ||
|---|---|---|---|
| 001 | 5163 | ||
| 003 | CDMR | ||
| 005 | 20151016134202.0 | ||
| 008 | 130130s2002||||||||||||||||||||||||||||d | ||
| 020 | _a8466611983 | ||
| 024 |
_2DL _a20642003 |
||
| 040 |
_aCDMR _bcat _cCDMR |
||
| 110 | 2 |
_9946 _aPeriódico de Catalunya |
|
| 245 | 1 | 0 | _aLlibre d'estil El Periódico |
| 260 |
_aBarcelona _bPrimera Plana _c2002 |
||
| 300 | _a547 p. | ||
| 500 | _aHi ha la mateixa versió del llibre amb castellá | ||
| 650 | 0 | 4 |
_93086 _aPeriodisme _xManuals d'estil |
| 610 | 2 |
_9946 _aPeriódico de Catalunya |
|
| 942 |
_cMON _2udc |
||
| 999 |
_c5163 _d5163 |
||